00497nam a2200133Ia 45000010005000000080041000050820026000461000096000722450120001682600024002885900007003129010029003199990015003482714241024s9999 xx 000 0 und d aRD/610.97293/R426n/16 aRepública Dominicana. Ministerio de Educación Superior, Ciencia y Tecnología (MESCyT) 0aNormas para la aprobación, regulación y acreditación de las escuelas de medicina en la República Dominicana bSanto Domingoc2012 asi a28/12/2012 11:32:05 a.m. c8136d8136